Bramki logiczne (Tablica prawdy) (Wersja łatwa) - Statystyki

Ogólne statystyki
  • Ten quiz został rozwiązany 17 razy
  • Średni wynik to 6 z 7
Statystyki odpowiedzi
Odpowiedź % Poprawnych
AND
92%
NAND
92%
OR
92%
NOR
85%
NOT
85%
XNOR
69%
XOR
69%
Nie znaleziono quizów pasujących do podanych kryteriów
Rozkład punktacji
Procent ludzi z każdym wynikiem
Percentyl według liczby udzielonych odpowiedzi
Twoja historia wyników
Nie rozwiązałeś tego quizu